[Event "Calvia Amateur op 14th"]
[Site "Calvia"]
[Date "2017.10.10"]
[Round "4"]
[White "Harlinskis, Viktors"]
[Black "Karcher, Berthold"]
[Result "0-1"]
[WhiteElo "1645"]
[BlackElo "1812"]
[PlyCount "48"]
[EventDate "2017.10.07"]
[EventType "swiss"]
[EventRounds "9"]
[EventCountry "ESP"]
[SourceTitle "CBM 181 Extra"]
[Source "ChessBase"]
[SourceDate "2017.12.12"]
[SourceVersion "1"]
[SourceVersionDate "2017.12.12"]
[SourceQuality "1"]

1. Nf3 Nf6 2. c4 c5 3. d4 cxd4 4. Nxd4 Nc6 5. Nc2 e6 6. b3 Be7 7. g3 0-0 8. Bg2 d5 9. Bb2 dxc4 10. Qxd8 Rxd8 11. bxc4 Na5 12. Nca3 Bd7 13. 0-0 Bc6 14. f3 Rac8 15. Bc3 b6 16. Bxa5 bxa5 17. Nb5 Bxb5 18. cxb5 Bc5+ 19. Kh1 Bd4 20. Nc3 Bxc3 21. Rac1 Bb4 22. a4 Nd5 23. Rc6 Ne3 24. Rfc1 Rxc6 0-1

[Event "Calvia Amateur op 14th"]
[Site "Calvia"]
[Date "2017.10.07"]
[Round "1"]
[White "Karcher, Berthold"]
[Black "Hristodorescu, Daniel"]
[Result "0-1"]
[WhiteElo "1812"]
[BlackElo "2221"]
[PlyCount "56"]
[EventDate "2017.10.07"]
[EventType "swiss"]
[EventRounds "9"]
[EventCountry "ESP"]
[SourceTitle "CBM 181 Extra"]
[Source "ChessBase"]
[SourceDate "2017.12.12"]
[SourceVersion "1"]
[SourceVersionDate "2017.12.12"]
[SourceQuality "1"]

1. d4 Nf6 2. c4 c5 3. e3 cxd4 4. exd4 d5 5. Nc3 g6 6. Nf3 Bg7 7. h3 0-0 8. Be3 Nc6 9. Rc1 a6 10. a3 dxc4 11. Bxc4 b5 12. Ba2 Bb7 13. 0-0 Rc8 14. b4 Ne8 15. Qe2 Nd6 16. Rfd1 Nb8 17. Ne5 Nd7 18. Nxd7 Qxd7 19. f3 Nf5 20. Qd3 Rfd8 21. d5 Nxe3 22. Qxe3 Bxc3 23. Rxc3 Rxc3 24. Qxc3 Rc8 25. Qb3 Qd6 26. Qd3 Rc7 27. Rd2 Bc8 28. Rc2 Bf5 0-1

[Event "Guernsey Holiday op 41st"]
[Site "Guernsey"]
[Date "2015.10.19"]
[Round "2"]
[White "Karcher, Berthold"]
[Black "Rowe, Oliver"]
[Result "1/2-1/2"]
[WhiteElo "1871"]
[BlackElo "1561"]
[PlyCount "58"]
[EventDate "2015.10.18"]
[EventType "swiss"]
[EventRounds "7"]
[EventCountry "GCI"]
[SourceTitle "EXT 2022"]
[Source "ChessBase"]
[SourceDate "2021.10.06"]
[SourceVersion "1"]
[SourceVersionDate "2021.10.06"]
[SourceQuality "1"]

1. d4 Nf6 2. c4 e5 3. dxe5 Ng4 4. Nf3 Nc6 5. Bf4 Bb4+ 6. Nbd2 Qe7 7. a3 Bxd2+ 8. Qxd2 Ngxe5 9. Nxe5 Nxe5 10. e3 d6 11. Be2 0-0 12. 0-0 Be6 13. Rac1 b6 14. Qc3 Ng6 15. Bg3 Rad8 16. Rfd1 f5 17. Bf3 Qf6 18. Bd5 Bxd5 19. Qxf6 Rxf6 20. cxd5 Rf7 21. Rd4 Re8 22. Rdc4 Ree7 23. b4 a6 24. h3 h6 25. Kf1 Nf8 26. h4 Nh7 27. Re1 Nf6 28. Rd4 Re4 29. Rd3 Rc4 1/2-1/2

[Event "Guernsey op 40th"]
[Site "Vale"]
[Date "2014.10.25"]
[Round "7"]
[White "Sikkel, Dirk"]
[Black "Karcher, Berthold"]
[Result "1-0"]
[WhiteElo "2007"]
[BlackElo "1861"]
[PlyCount "99"]
[EventDate "2014.10.19"]
[EventType "swiss"]
[EventRounds "7"]
[EventCountry "GCI"]
[SourceTitle "EXT 2016"]
[Source "ChessBase"]
[SourceDate "2015.10.08"]
[SourceVersion "1"]
[SourceVersionDate "2015.10.08"]
[SourceQuality "1"]

1. e4 g6 2. d4 d6 3. Nc3 Bg7 4. f4 e6 5. Nf3 b6 6. Bd3 Nf6 7. e5 dxe5 8. fxe5 Nd5 9. Ne4 Bb7 10. Bg5 Qd7 11. Qd2 0-0 12. Bh6 f5 13. exf6 Nxf6 14. Bxg7 Nxe4 15. Bxe4 Bxe4 16. Bxf8 Bxf3 17. Bh6 Bb7 18. 0-0 Nc6 19. c3 Ne7 20. Rf2 Nf5 21. Re1 Bd5 22. b3 b5 23. g4 Nxh6 24. Qxh6 e5 25. Qg5 e4 26. Qf4 c6 27. h3 Re8 28. Qe3 Kg7 29. Rc1 Qe6 30. g5 Rf8 31. Rxf8 Kxf8 32. Rf1+ Kg7 33. Qf4 Qe7 34. Qf6+ Qxf6 35. Rxf6 a5 36. Kf2 a4 37. bxa4 bxa4 38. a3 Kg8 39. Ke3 Kg7 40. h4 Kg8 41. c4 Bxc4 42. Kxe4 Bd5+ 43. Ke5 Kg7 44. Kd6 h6 45. Kc5 hxg5 46. hxg5 Be4 47. Kb4 Bc2 48. Rxc6 Bb3 49. Rf6 Kh7 50. Kc5 1-0